<?xml version="1.0" encoding="UTF-8"?>
<marc:record xmlns:marc="http://www.loc.gov/MARC21/slim">
   <marc:leader>00000nam a2200000 a 4500</marc:leader>
   <marc:datafield ind1="1" ind2=" " tag="100">
      <marc:subfield code="a">Schlebes, Sven</marc:subfield>
      <marc:subfield code="4">aut</marc:subfield>
      <marc:subfield code="e">Verfasser/-in</marc:subfield>
   </marc:datafield>
   <marc:datafield ind1=" " ind2=" " tag="653">
      <marc:subfield code="a">Orden</marc:subfield>
   </marc:datafield>
   <marc:datafield ind1=" " ind2=" " tag="653">
      <marc:subfield code="a">Softcover / Religion/Theologie/Christentum</marc:subfield>
   </marc:datafield>
   <marc:datafield ind1="0" ind2="0" tag="245">
      <marc:subfield code="a">Ora et labora - die großen Orden</marc:subfield>
   </marc:datafield>
   <marc:datafield ind1="0" ind2="0" tag="245">
      <marc:subfield code="b">das Bilderlexikon</marc:subfield>
   </marc:datafield>
   <marc:datafield ind1="0" ind2="0" tag="245">
      <marc:subfield code="c">Sven Schlebes</marc:subfield>
   </marc:datafield>
   <marc:datafield ind1=" " ind2="1" tag="264">
      <marc:subfield code="a">Leipzig</marc:subfield>
      <marc:subfield code="b">Benno</marc:subfield>
   </marc:datafield>
   <marc:datafield ind1="1" ind2=" " tag="520">
      <marc:subfield code="a">Angaben aus der Verlagsmeldung

Ora et labora – Die großen Orden : Das Bilderlexikon

Von Benediktinern über Franziskaner, Karmeliten, Salesianer und Jesuiten bis hin zur Brüdergemeinschaft von Taizé – die 15 bekanntesten Orden werden in diesem Bildband einzeln vorgestellt: mit großformatigen Fotos und Texten, die nicht trocken-geschichtslastig daherkommen, sondern die heutigen Besonderheiten und Anliegen der Orden lebendig und unterhaltsam darstellen. Auch bekannte Ordensleute lernen Sie hier kennen. Außerdem werden die Ordenstracht und Besonderheiten in Tagesablauf und Gebet vorgestellt. Zahlreiche Fotos geben abwechslungsreiche Einblicke in den Alltag der Orden. Wer einen Orden näher kennenlernen möchte, findet jeweils Adressen, Möglichkeiten für die Beteiligung von Laien, Angebote für Exerzitien u. v. m.
</marc:subfield>
   </marc:datafield>
   <marc:datafield ind1=" " ind2=" " tag="020">
      <marc:subfield code="a">9783746243573</marc:subfield>
      <marc:subfield code="9">9783746243573</marc:subfield>
   </marc:datafield>
   <marc:datafield ind1=" " ind2=" " tag="041">
      <marc:subfield code="a">ger</marc:subfield>
   </marc:datafield>
   <marc:datafield ind1=" " ind2=" " tag="300">
      <marc:subfield code="a">117 S.</marc:subfield>
   </marc:datafield>
</marc:record>
